000 00325nam a22001337a 4500
008 170323b xxu||||| |||| 00| 0 eng d
020 _a9780781755832
041 _aeng
080 _a616.9
100 _a8
101 _aSHM
245 _aATLAS OF INFECTIOUS DISEASES OF THE FEMALE GENITAL TRACT
_cSWEET, R.L
942 _2udc
_cBK
999 _c8524
_d8524